Oldest to Youngest Star Wars Characters - Statistics

General Stats
  • This quiz has been taken 239 times
  • The average score is 15 of 30
Answer Stats
Year Force Type Status Character % Correct
896 BBY Jedi Force Ghost Yoda
98%
57 BBY Jedi Force Ghost Obi-Wan Kenobi
92%
41 BBY Jedi/Sith/Jedi Force Ghost Anakin Skywalker
90%
19 BBY Jedi Force Ghost Luke Skywalker
89%
80 BBY Jedi Force Ghost Qui-Gon Jinn
84%
84 BBY Sith Annihilated Darth Sidious
81%
19 BBY Jedi (FS) Force Ghost Leia Organa
78%
32 BBY - Dead Han Solo
74%
15 ABY Jedi Alive Rey Skywalker
72%
200 BBY - Alive Chewbacca
65%
72 BBY Dark Jedi Legally Dead Mace Windu
65%
11 ABY Jedi (FS) Alive Finn
61%
5 ABY Jedi/Sith/Jedi Dead Ben Solo
60%
2 ABY - Alive Poe Dameron
56%
32 BBY - Alive R2-D2
55%
32 BBY - Alive C-3PO
54%
46 BBY - Dead Padme Amidala
50%
36 BBY Jedi Alive Ahsoka Tano
46%
43 BBY - Alive Lando Calrissian
33%
29 ABY - Alive BB-8
32%
32 BBY - Alive Boba Fett
32%
19 BBY Jedi Alive Ezra Bridger
28%
41 BBY Jedi (FS) Alive Grogu
28%
19 BBY Sith Dead Snoke
28%
33 BBY Jedi Force Ghost Kanan Jarrus
27%
19 BBY - Alive Din Djarin
19%
29 BBY Jedi (FS) Alive Hera Syndulla
18%
0 ABY - Legally Dead Armitage Hux
14%
44 BBY - Alive Garazeb Orrelios
9%
23 BBY Jedi Unknown Kyle Katarn
2%
No matching quizzes found
Score Distribution
Percent of People with Each Score
Percentile by Number Answered
Your Score History
You have not taken this quiz